[Event "AUTO-ELITE-2308"]
[Site "http://www.queenalice.com/game.php?id=1642136"]
[Date "2021.2.1"]
[Round "1"]
[White "RaulSoft"]
[Black "Youngkasparov"]
[Result "1-0"]
[WhiteElo "2666"]
[BlackElo "2255"]

1. d4 Nf6 2. c4 g6 3. Nc3 Bg7 4. e4 d6 5. Nf3 O-O 6. Be2 e5 7. O-O exd4 8. Nxd4
Re8 9. f3 Nc6 10. Be3 Nh5 11. Qd2 Nxd4 12. Bxd4 Bxd4+ 13. Qxd4 Qf6 14. Qd2 Nf4
15. Rf2 Qg5 16. Kh1 h6 17. Bf1 Be6 18. g3 Nh3 19. Bxh3 Qxd2 20. Rxd2 Bxh3 21.
Nd5 Red8 22. g4 g5 23. Rg1 c6 24. Ne3 d5 25. cxd5 cxd5 26. exd5 Re8 27. Rd3 Rad8
28. Rg3 Rxe3 29. Rxe3 Bf1 30. Rg1 Bc4 31. Rd1 Rxd5 32. Rxd5 Bxd5 33. a4 f5 34.
gxf5 Kf7 35. Kg2 Kf6 36. Kg3 Kxf5 37. b4 h5 38. Rd3 h4+ 39. Kf2 Ke5 40. Re3+ Kf4
41. b5 a6 42. bxa6 bxa6 43. Rd3 Ke5 44. a5 Be6 45. Rc3 Bd5 46. Ke3 Kf5 47. Rc8
Ke5 48. Rc5 Kd6 49. Kd4 Bxf3 50. Rxg5 Be2 51. Rg6+ Ke7 52. Rh6 Kf7 53. Rxh4 Kf6
54. Re4 Bd1 55. h4 Kf5 56. Re5+ Kf6 57. h5 Bb3 58. h6 Bc2 59. Rc5 Ba4 60. Rc7
1-0

[Event "AUTO-ELITE-2308"]
[Site "http://www.queenalice.com/game.php?id=1642137"]
[Date "2021.2.1"]
[Round "1"]
[White "Youngkasparov"]
[Black "trompmaster"]
[Result "1-0"]
[WhiteElo "2272"]
[BlackElo "2450"]

1. e4 d6 2. d4 Nf6 3. Nc3 Nbd7 4. f4 e5 5. Nf3 c6 6. dxe5 dxe5 7. Bc4 Bb4 8.
fxe5 Nxe4 9. O-O Nxc3 10. bxc3 Bxc3 11. Rb1 Nb6 12. Qxd8+ Kxd8 13. Bxf7 Ke7 14.
Ng5 Bd4+ 15. Kh1 c5 16. Ba3 Be3 17. Ne4 Be6 18. Bxe6 Kxe6 19. Rf3 Bd4 20. Bxc5
Bxc5 21. Nxc5+ Kxe5 22. Re1+ Kd6 23. Nxb7+ Kc6 24. Na5+ Kb5 25. Re5+ Ka6 26. Ra3
Rhg8 27. Rc5 Rgd8 28. Nc6+ Kb7 29. Nxd8+ Rxd8 30. h4 g6 31. Kh2 Re8 32. Rca5 Nc8
33. c4 Re4 34. Rb3+ Kc6 35. Ra6+ Kc7 36. c5 Rxh4+ 37. Rh3 Rxh3+ 38. Kxh3 Kb8 39.
Rf6 Ne7 40. Rf8+ Kc7 41. Rf7 Kd8 42. Rxh7 a5 43. Kg4 a4 44. Kg5 a3 45. Kf6 1-0

[Event "AUTO-ELITE-2308"]
[Site "http://www.queenalice.com/game.php?id=1642138"]
[Date "2021.2.1"]
[Round "1"]
[White "trompmaster"]
[Black "Youngkasparov"]
[Result "0-1"]
[WhiteElo "2449"]
[BlackElo "2254"]

1. e4 c5 2. Nf3 d6 3. d4 cxd4 4. Nxd4 Nf6 5. Nc3 a6 6. Be3 e5 7. Nb3 Be7 8. f3
Be6 9. Be2 Nbd7 10. Nd5 Nxd5 11. exd5 Bf5 12. Qd2 h6 13. Na5 Bh4+ 14. g3 Be7 15.
Kf2 Qc7 16. Rac1 Bg5 17. b4 Bxe3+ 18. Qxe3 O-O 19. Rhd1 Bh3 20. c4 f5 21. Kg1 f4
22. Qf2 e4 23. gxf4 Rxf4 24. Qg3 Raf8 25. Qxh3 exf3 26. Bd3 Ne5 27. Kh1 Rg4 28.
Nb3 Qd7 29. Bf1 Rff4 30. c5 Qf5 31. Nd2 Qg5 32. Bc4 Rh4 33. Nxf3 Rxf3 34. Qe6+
Kh7 35. Rc2 Qf4 36. Rg1 Rfh3 37. Rxg7+ Kxg7 38. Rg2+ Rg3 39. Qe7+ Nf7 40. Rxg3+
Qxg3 41. Qe2 Ne5 0-1

[Event "AUTO-ELITE-2309"]
[Site "http://www.queenalice.com/game.php?id=1642702"]
[Date "2021.2.5"]
[Round "1"]
[White "Donidon"]
[Black "Youngkasparov"]
[Result "1-0"]
[WhiteElo "2246"]
[BlackElo "2127"]

1. e4 c6 2. d4 d5 3. Nc3 dxe4 4. Nxe4 Bf5 5. Ng3 Bg6 6. Nf3 Nd7 7. h4 h6 8. h5
Bh7 9. Bd3 Bxd3 10. Qxd3 e6 11. Bd2 Ngf6 12. O-O-O Be7 13. Kb1 Qb6 14. c4 O-O
15. Rhe1 Ng4 16. Qe2 Rad8 17. Bc3 Rfe8 18. Ne4 Qc7 19. Ne5 Ngf6 20. Nxf6+ Bxf6
21. f4 c5 22. dxc5 Bxe5 23. fxe5 Nxc5 24. b3 a5 25. Qf3 Rxd1+ 26. Rxd1 Rd8 27.
Rxd8+ Qxd8 28. Qe3 Qd1+ 29. Kb2 Nd3+ 30. Ka3 Qb1 31. Qd2 Kh7 32. Ka4 Nc5+ 33.
Kxa5 Ne4 34. Qb2 Nxc3 35. Qxc3 Qxa2+ 36. Kb6 Qxg2 37. Qd3+ g6 38. b4 Kg7 39.
hxg6 Qxg6 40. Qf3 Qg5 41. b5 Qxe5 42. Kxb7 f5 43. b6 Qe4+ 44. Qxe4 fxe4 45. c5
e3 46. c6 e2 47. c7 e1=Q 48. c8=Q 1-0

[Event "AUTO-ELITE-2309"]
[Site "http://www.queenalice.com/game.php?id=1642703"]
[Date "2021.2.5"]
[Round "1"]
[White "Youngkasparov"]
[Black "Donidon"]
[Result "0-1"]
[WhiteElo "2119"]
[BlackElo "2254"]

1. e4 e5 2. Nf3 Nc6 3. Bc4 Nf6 4. Ng5 d5 5. exd5 Na5 6. Bb5+ c6 7. dxc6 bxc6 8.
Qf3 cxb5 9. Qxa8 Qc7 10. Qf3 Nc6 11. c3 Bg4 12. Qg3 Nd4 13. Na3 Ne2 14. Nxb5 Qb8
15. Qd3 h6 16. Nxf7 Kxf7 17. Qc4+ Kg6 18. f3 Bd7 19. Qxe2 Bxb5 20. d3 Kh7 21.
O-O Bd6 22. Kh1 Be8 23. Be3 Bg6 24. c4 Nh5 25. Qf2 Bxd3 26. Bxa7 Qb7 27. Rfd1 e4
28. Bc5 Bc7 29. fxe4 Bxe4 30. Bd6 Re8 31. c5 Bxd6 32. cxd6 Qd7 33. Rac1 Re5 34.
Rd4 Nf6 35. Rc7 Rf5 36. Qe2 Qe8 37. Rd1 Qg6 38. Rc3 Rg5 39. Rg3 Rxg3 40. hxg3
Nh5 41. Kg1 Nxg3 42. Qe1 Qg4 43. Rd2 Qh4 44. d7 Qh1+ 45. Kf2 Qxg2+ 0-1

[Event "AUTO-ELITE-2309"]
[Site "http://www.queenalice.com/game.php?id=1642710"]
[Date "2021.2.5"]
[Round "1"]
[White "Youngkasparov"]
[Black "Torbencarlsen"]
[Result "0-1"]
[WhiteElo "2137"]
[BlackElo "2343"]

1. e4 e6 2. d4 d5 3. Nc3 dxe4 4. Nxe4 Nd7 5. Nf3 Ngf6 6. Nxf6+ Nxf6 7. c3 c5 8.
Ne5 a6 9. Be3 Qc7 10. Qa4+ Nd7 11. O-O-O cxd4 12. Nxd7 Bxd7 13. Qxd4 Bc6 14. h4
Rd8 0-1

[Event "AUTO-ELITE-2309"]
[Site "http://www.queenalice.com/game.php?id=1642711"]
[Date "2021.2.5"]
[Round "1"]
[White "Torbencarlsen"]
[Black "Youngkasparov"]
[Result "1-0"]
[WhiteElo "2337"]
[BlackElo "2143"]

1. e4 c5 2. Nf3 d6 3. d4 cxd4 4. Nxd4 Nf6 5. Nc3 a6 6. Bg5 e6 7. f4 h6 8. Bh4
Qb6 9. a3 Nbd7 10. Bf2 Qc7 11. Qf3 Rb8 12. g4 b5 13. O-O-O b4 14. axb4 1-0

[Event "AUTO-OPEN-4245"]
[Site "http://www.queenalice.com/game.php?id=1648536"]
[Date "2021.4.3"]
[Round "2"]
[White "princesher"]
[Black "Youngkasparov"]
[Result "1-0"]
[WhiteElo "1909"]
[BlackElo "2210"]

1. e4 c5 2. d3 Nc6 3. Bd2 g6 4. Nf3 Bg7 5. Bc3 Nd4 6. Bxd4 cxd4 7. Nbd2 e6 8. e5
d6 9. Qe2 dxe5 10. Nxe5 Ne7 11. g4 Nd5 12. Nef3 1-0

[Event "AUTO-OPEN-4245"]
[Site "http://www.queenalice.com/game.php?id=1648537"]
[Date "2021.4.3"]
[Round "2"]
[White "Youngkasparov"]
[Black "princesher"]
[Result "0-1"]
[WhiteElo "2233"]
[BlackElo "1879"]

1. e4 e5 2. Nf3 d6 3. d4 Bg4 4. dxe5 Bxf3 5. Qxf3 dxe5 6. Qb3 b6 7. Bc4 Qe7 8.
Bg5 Qb4+ 9. Nc3 Qxb3 10. axb3 c6 11. Nb5 cxb5 0-1

[Event "AUTO-OPEN-4245"]
[Site "http://www.queenalice.com/game.php?id=1648543"]
[Date "2021.4.3"]
[Round "2"]
[White "johndyson2"]
[Black "Youngkasparov"]
[Result "1-0"]
[WhiteElo "2458"]
[BlackElo "2238"]

1. Nf3 g6 2. c4 Bg7 3. d4 Nf6 4. g3 c6 5. Nc3 d5 6. cxd5 cxd5 7. Bg2 O-O 8. O-O
Ne4 9. Ne5 Bf5 10. Bf4 Nxc3 11. bxc3 1-0

[Event "AUTO-OPEN-4247"]
[Site "http://www.queenalice.com/game.php?id=1649137"]
[Date "2021.4.9"]
[Round "2"]
[White "CCapivara"]
[Black "Youngkasparov"]
[Result "1-0"]
[WhiteElo "2269"]
[BlackElo "2284"]

1. e4 c5 2. Nf3 d6 3. d4 cxd4 4. Nxd4 Nf6 5. Nc3 a6 6. Bg5 e6 7. f4 Nbd7 8. Qf3
Qc7 9. O-O-O b5 10. Bxf6 Nxf6 11. g4 b4 12. Nce2 1-0